[Event "AUT-chT2M 1314"]
[Site "Austria"]
[Date "2013.10.04"]
[Round "1.6"]
[White "Testor, Sebastian"]
[Black "Kubinger, Thomas"]
[Result "1-0"]
[WhiteElo "2262"]
[BlackElo "2157"]
[PlyCount "59"]
[EventDate "2013.10.04"]
[EventType "team-tourn"]
[EventRounds "11"]
[EventCountry "AUT"]
[SourceTitle "CBM 156 Extra"]
[Source "ChessBase"]
[SourceDate "2013.10.22"]
[SourceVersion "1"]
[SourceVersionDate "2013.10.22"]
[SourceQuality "1"]
[WhiteTeam "Sauwald"]
[BlackTeam "Steyregg"]
[WhiteTeamCountry "AUT"]
[BlackTeamCountry "AUT"]

1. c4 c6 2. Nf3 d5 3. e3 Nf6 4. Qc2 Nbd7 5. d4 e6 6. Nbd2 Bd6 7. Bd3 0-0 8. 0-0 Re8 9. b3 Qe7 10. e4 dxe4 11. Nxe4 Nxe4 12. Bxe4 Nf8 13. c5 Bc7 14. Bg5 f6 15. Bh4 Qf7 16. Bg3 e5 17. dxe5 f5 18. Bd3 h6 19. e6 Bxe6 20. Bxc7 Qxc7 21. Bxf5 Bd5 22. Nd4 Re5 23. Rae1 Rae8 24. Qd2 Qe7 25. Rxe5 Qxe5 26. Bc2 Nd7 27. Qc3 Qg5 28. f3 Re3 29. Qd2 Qe5 30. Kf2 1-0

[Event "Donau op 19th"]
[Site "Aschach"]
[Date "2010.12.30"]
[Round "6"]
[White "Kubinger, Thomas"]
[Black "Scheffknecht, Philipp"]
[Result "0-1"]
[WhiteElo "2227"]
[BlackElo "2135"]
[PlyCount "62"]
[EventDate "2010.12.26"]
[EventType "swiss"]
[EventRounds "7"]
[EventCountry "AUT"]
[SourceTitle "CBM 140 Extra"]
[Source "ChessBase"]
[SourceDate "2011.03.01"]
[SourceVersion "1"]
[SourceVersionDate "2011.03.01"]
[SourceQuality "1"]

1. d4 d5 2. c4 c6 3. Nf3 Nf6 4. e3 a6 5. Bd3 b5 6. b3 g6 7. Nbd2 Bf5 8. Bxf5 gxf5 9. Ne5 e6 10. Bb2 Bd6 11. 0-0 0-0 12. Rc1 Nfd7 13. Ndf3 Bxe5 14. Nxe5 Nxe5 15. dxe5 Qa5 16. cxd5 cxd5 17. a3 Nd7 18. Rc6 b4 19. axb4 Qxb4 20. Bd4 Qb7 21. Rd6 Rfc8 22. Qh5 Nf8 23. h4 Qe7 24. Qh6 Rc2 25. e4 dxe4 26. h5 Qh4 27. Be3 Qg4 28. Bg5 Rb2 29. Rfd1 Qe2 30. Bh4 Qg4 31. Rd8 Rxd8 0-1

[Event "Donau op 19th"]
[Site "Aschach"]
[Date "2010.12.27"]
[Round "3"]
[White "Diermair, Andreas"]
[Black "Kubinger, Thomas"]
[Result "1-0"]
[WhiteElo "2387"]
[BlackElo "2227"]
[PlyCount "93"]
[EventDate "2010.12.26"]
[EventType "swiss"]
[EventRounds "7"]
[EventCountry "AUT"]
[SourceTitle "CBM 140 Extra"]
[Source "ChessBase"]
[SourceDate "2011.03.01"]
[SourceVersion "1"]
[SourceVersionDate "2011.03.01"]
[SourceQuality "1"]

1. Nf3 d5 2. c4 c6 3. g3 Nf6 4. Bg2 e6 5. d4 Nbd7 6. 0-0 Be7 7. Qc2 0-0 8. Nbd2 b6 9. e4 Bb7 10. e5 Ne8 11. cxd5 exd5 12. Re1 Nc7 13. Nf1 Ne6 14. Ne3 c5 15. Nf5 cxd4 16. N3xd4 Nxd4 17. Nxd4 Nc5 18. Be3 Rc8 19. Bh3 Rc7 20. Rad1 Ba6 21. Qb1 Ne4 22. a3 Qa8 23. Nf5 Bc5 24. Bg2 Bb7 25. Bd4 Qc8 26. Bxc5 bxc5 27. Ne3 Qe6 28. Nxd5 Bxd5 29. Bxe4 Bxe4 30. Qxe4 Qh3 31. Rd2 h6 32. Re3 Qe6 33. Rd6 Qa2 34. Re2 Re8 35. Kg2 a5 36. Qa4 Rce7 37. Qxa5 Rxe5 38. Rxe5 Rxe5 39. Qc3 Rd5 40. Rc6 Qb1 41. Rc8+ Kh7 42. Rc7 Kg8 43. h4 Rf5 44. Rc8+ Kh7 45. Rxc5 Rxc5 46. Qxc5 Qxb2 47. a4 1-0

[Event "Donau op 19th"]
[Site "Aschach"]
[Date "2010.12.27"]
[Round "2"]
[White "Kubinger, Thomas"]
[Black "Tratar, Marko"]
[Result "1/2-1/2"]
[WhiteElo "2227"]
[BlackElo "2492"]
[PlyCount "34"]
[EventDate "2010.12.26"]
[EventType "swiss"]
[EventRounds "7"]
[EventCountry "AUT"]
[SourceTitle "CBM 140 Extra"]
[Source "ChessBase"]
[SourceDate "2011.03.01"]
[SourceVersion "1"]
[SourceVersionDate "2011.03.01"]
[SourceQuality "1"]

1. d4 e6 2. c4 b6 3. Nc3 Bb7 4. a3 f5 5. Nf3 Nf6 6. g3 g6 7. Bg2 Bg7 8. d5 0-0 9. 0-0 Na6 10. Bf4 Nc5 11. Rb1 a5 12. d6 c6 13. Be5 a4 14. Bd4 Nfe4 15. Nxe4 Nxe4 16. Bxg7 Kxg7 17. Ne5 c5 1/2-1/2

[Event "AUT-chT2M 0809"]
[Site "Austria"]
[Date "2009.01.31"]
[Round "5.6"]
[White "Binder, Michael"]
[Black "Kubinger, Thomas"]
[Result "0-1"]
[WhiteElo "2170"]
[BlackElo "2200"]
[PlyCount "92"]
[EventDate "2008.10.11"]
[EventType "team-tourn"]
[EventRounds "11"]
[EventCountry "AUT"]
[SourceTitle "EXT 2010"]
[Source "ChessBase"]
[SourceDate "2010.11.25"]
[SourceVersion "1"]
[SourceVersionDate "2010.11.25"]
[SourceQuality "1"]
[WhiteTeam "Leoben"]
[BlackTeam "Graz Austria"]
[WhiteTeamCountry "AUT"]
[BlackTeamCountry "AUT"]

1. Nf3 Nf6 2. c4 c6 3. d4 d5 4. Nc3 a6 5. a4 a5 6. cxd5 Nxd5 7. e4 Nb4 8. Bc4 e6 9. Bg5 Be7 10. Bxe7 Qxe7 11. e5 0-0 12. Ne4 Nd7 13. Nd6 f6 14. 0-0 Nd5 15. Re1 fxe5 16. Nxc8 Raxc8 17. Nxe5 Nxe5 18. Rxe5 Qb4 19. b3 Rf6 20. Qe2 Rcf8 21. Rf1 Kh8 22. g3 Qc3 23. Qe4 Rf3 24. Rxe6 Nf6 25. Qh4 Qd2 26. Re7 b5 27. axb5 cxb5 28. Bxb5 Rxb3 29. Re2 Qb4 30. Bc6 Qc4 31. Re7 Qxc6 32. Qg5 Rg8 33. Qxa5 Qd6 34. Qe5 Qd5 35. Rc1 Rd3 36. Qxd5 Nxd5 37. Rd7 Nf6 38. Rd6 Ne4 39. Rd7 Rd2 40. Rf7 Rxd4 41. Rcc7 h6 42. Kg2 Rd2 43. h4 Rd6 44. Rfe7 Nf6 45. Rf7 Kh7 46. Rfe7 Kg6 0-1

[Event "Donau op 15th"]
[Site "Aschach"]
[Date "2006.12.28"]
[Round "4"]
[White "Knechtel, Roland"]
[Black "Kubinger, Thomas"]
[Result "1/2-1/2"]
[WhiteElo "2299"]
[BlackElo "2098"]
[PlyCount "90"]
[EventDate "2006.12.26"]
[EventType "swiss"]
[EventRounds "7"]
[EventCountry "AUT"]
[SourceTitle "EXT 2008"]
[Source "ChessBase"]
[SourceDate "2007.11.25"]
[SourceVersion "1"]
[SourceVersionDate "2007.11.25"]
[SourceQuality "1"]

1. d4 d5 2. c4 c6 3. Nc3 Nf6 4. Bg5 e6 5. e3 Nbd7 6. cxd5 exd5 7. Qc2 Be7 8. Bd3 0-0 9. Nf3 Re8 10. 0-0 h6 11. Bf4 Nh5 12. Nxd5 Nxf4 13. Nxf4 Bd6 14. Ne2 Nf8 15. Nc3 Bg4 16. Nd2 Qh4 17. g3 Qh3 18. Rfe1 Rad8 19. Rab1 Bc8 20. b4 h5 21. Nce4 Bb8 22. Ng5 Qg4 23. Bh7+ Nxh7 24. Qxh7+ Kf8 25. Qh8+ Ke7 26. Qxg7 Qf5 27. e4 Qf6 28. Qxf6+ Kxf6 29. Ndf3 Kg6 30. e5 Bf5 31. Ne4 Be6 32. a3 Re7 33. Nf6 Bc7 34. Rbd1 a5 35. b5 Bb6 36. Nh4+ Kh6 37. d5 cxd5 38. Nxd5 Red7 39. Nc3 Rd3 40. Rc1 Rc8 41. Ne4 Rxc1 42. Rxc1 Rxa3 43. Nc5 Ra2 44. Nxe6 fxe6 45. Rc8 Kg7 1/2-1/2

[Event "Oberwart op 27th"]
[Site "Oberwart"]
[Date "2005.07.09"]
[Round "1"]
[White "Sommerbauer, Norbert"]
[Black "Kubinger, Thomas"]
[Result "1-0"]
[WhiteElo "2427"]
[BlackElo "2082"]
[PlyCount "89"]
[EventDate "2005.07.09"]
[EventType "swiss"]
[EventRounds "9"]
[EventCountry "AUT"]
[SourceTitle "CBM 107 Extra"]
[Source "ChessBase"]
[SourceDate "2005.09.01"]
[SourceVersion "1"]
[SourceVersionDate "2005.09.01"]
[SourceQuality "1"]

1. e4 e6 2. d4 d5 3. Nc3 Bb4 4. e5 c5 5. a3 Bxc3+ 6. bxc3 Qa5 7. Qd2 Nc6 8. Nf3 Nge7 9. a4 cxd4 10. cxd4 Qxd2+ 11. Bxd2 f6 12. c4 Bd7 13. cxd5 Nxd5 14. exf6 gxf6 15. Bd3 0-0 16. 0-0 Rac8 17. Rab1 b6 18. Rfe1 a5 19. Bb5 Kf7 20. Re4 Rc7 21. Rh4 Rh8 22. g4 Nce7 23. Bxd7 Rxd7 24. g5 Ng6 25. Rh6 f5 26. h4 Rd6 27. Bc1 Kg7 28. Ba3 Rc6 29. h5 Ngf4 30. Kh2 Rd8 31. Rc1 Rxc1 32. Bxc1 Rc8 33. Bxf4 Nxf4 34. d5 exd5 35. Nd4 Rc4 36. Nxf5+ Kg8 37. Rxb6 Nxh5 38. Rb8+ Kf7 39. Nd6+ Kg6 40. Nxc4 dxc4 41. Rc8 Kxg5 42. Rxc4 Nf6 43. Rc5+ Kf4 44. Rxa5 Ne4 45. Ra7 1-0